<?xml version="1.0" encoding="UTF-8"?><?xml-stylesheet type="text/xsl" href="static/style.xsl"?><OAI-PMH xmlns="http://www.openarchives.org/OAI/2.0/" xmlns:xsi="http://www.w3.org/2001/XMLSchema-instance" xsi:schemaLocation="http://www.openarchives.org/OAI/2.0/ http://www.openarchives.org/OAI/2.0/OAI-PMH.xsd"><responseDate>2026-04-17T08:09:28Z</responseDate><request verb="GetRecord" identifier="oai:www.recercat.cat:10256/19423" metadataPrefix="marc">https://recercat.cat/oai/request</request><GetRecord><record><header><identifier>oai:recercat.cat:10256/19423</identifier><datestamp>2024-06-06T08:08:00Z</datestamp><setSpec>com_2072_452966</setSpec><setSpec>com_2072_2054</setSpec><setSpec>col_2072_452969</setSpec></header><metadata><record xmlns="http://www.loc.gov/MARC21/slim" xmlns:dcterms="http://purl.org/dc/terms/" xmlns:xsi="http://www.w3.org/2001/XMLSchema-instance" xmlns:doc="http://www.lyncode.com/xoai" xsi:schemaLocation="http://www.loc.gov/MARC21/slim http://www.loc.gov/standards/marcxml/schema/MARC21slim.xsd">
   <leader>00925njm 22002777a 4500</leader>
   <datafield ind2=" " ind1=" " tag="042">
      <subfield code="a">dc</subfield>
   </datafield>
   <datafield ind2=" " ind1=" " tag="720">
      <subfield code="a">García Ramírez, María de Jesús</subfield>
      <subfield code="e">author</subfield>
   </datafield>
   <datafield ind2=" " ind1=" " tag="260">
      <subfield code="c">2018-03</subfield>
   </datafield>
   <datafield ind2=" " ind1=" " tag="520">
      <subfield code="a">Este trabajo se ocupa de analizar la doctrina del Tribunal Electoral del Poder Judicial de la Federación (TEPJF), con el propósito de mostrar cómo ha interpretado la determinancia o, dicho de otro modo, qué ha entendido por irregularidades determinantes en los casos de nulidad de elección por violación al principio constitucional de separación entre las iglesias y el Estado, regulada en el derecho electoral mexicano, la manera en que se ha tenido por demostrada, los cambios advertidos en sus criterios y las razones por las cuales se considera insatisfactoria dicha línea jurisprudencial, a la luz de la teoría de la argumentación en materia de prueba, concluyendo con una propuesta de solución</subfield>
   </datafield>
   <datafield ind2=" " ind1=" " tag="520">
      <subfield code="a">This work deals with analyzing the doctrine of the Electoral Tribunal of the Federal Judicial Power (TEPJ), in order to show how it has interpreted the determinancia or, in other words, what it has understood as determining irregularities in cases of nullity of election due to violation to the constitutional principle of separation between the churches and the State, regulated in Mexican electoral law, the way in which they have been taken for granted, the changes noted in their criteria and the reasons why said jurisprudential line is considered unsatisfactory, to the light of the theory of argumentation in matters of evidence, concluding with a proposed solution</subfield>
   </datafield>
   <datafield ind1="8" ind2=" " tag="024">
      <subfield code="a">http://hdl.handle.net/10256/19423</subfield>
   </datafield>
   <datafield tag="653" ind2=" " ind1=" ">
      <subfield code="a">Church and state -- Mexico</subfield>
   </datafield>
   <datafield tag="653" ind2=" " ind1=" ">
      <subfield code="a">Església i Estat -- Mèxic</subfield>
   </datafield>
   <datafield tag="653" ind2=" " ind1=" ">
      <subfield code="a">Election law -- Mexico</subfield>
   </datafield>
   <datafield tag="653" ind2=" " ind1=" ">
      <subfield code="a">Dret electoral -- Méxic</subfield>
   </datafield>
   <datafield tag="653" ind2=" " ind1=" ">
      <subfield code="a">Prova (Dret)</subfield>
   </datafield>
   <datafield tag="653" ind2=" " ind1=" ">
      <subfield code="a">Evidence (Law)</subfield>
   </datafield>
   <datafield tag="653" ind2=" " ind1=" ">
      <subfield code="a">Jurisprudència constitucional -- Mèxic</subfield>
   </datafield>
   <datafield tag="653" ind2=" " ind1=" ">
      <subfield code="a">Constitutional Jurisprudence -- Mexico</subfield>
   </datafield>
   <datafield ind2="0" ind1="0" tag="245">
      <subfield code="a">La prueba de la determinancia en la nulidad de elección por violación al principio de separación entre las iglesias y el Estado en el derecho electoral mexicano</subfield>
   </datafield>
</record></metadata></record></GetRecord></OAI-PMH>